Biggest cities in Portugal - Statistics

General Stats
  • This quiz has been taken 17 times
  • The average score is 6 of 10
Answer Stats
Population City % Correct
545,796 Lisbon
100%
231,800 Porto
100%
146,543 Braga
94%
106,655 Coimbra
75%
171,454 Amadora
50%
98,470 Setúbal
50%
188,421 Vila Nova de Gaia
50%
105,590 Funchal
44%
85,851 Almada
25%
81,006 Agualva-Cacém
6%
No matching quizzes found
Score Distribution
Percent of People with Each Score
Percentile by Number Answered
Your Score History
You have not taken this quiz